000 00594nam a2200193Ia 4500
008 100315s9999 xx 000 0 und d
040 _cENGLISH 
082 _b2284 
_a336.24 
100 _a"Singhania, Vinod K. "
245 _aSTUDENTS GUIDE TO INCOME-TAX 1987-88: B.COM/C.A.INTER
260 _aXMANN 
_bTaxmann  
_c1988 
300 _a"XV,468P  "
365 _eAus.Sch. 
_d
_b52.00 
366 _f
530 _b-  
630 _aSTUDENTS GUIDE TO INCOME-TAX 1987-88: B.COM/C.A.INTER
730 _aSTUDENTS GUIDE TO INCOME-TAX 1987-88: B.COM/C.A.INTER
942 _cBOOK
999 _c477019
_d477016